| 000 | 00671nam a2200217 4500 | ||
|---|---|---|---|
| 001 | 32388 | ||
| 010 | _a9789728012359 | ||
| 021 |
_aPT _b401359/15 |
||
| 090 | _a32388 | ||
| 100 | _a20160311d2015 m y0pory50030103ba | ||
| 101 | 0 | _apor | |
| 102 | _aPT | ||
| 200 | 1 |
_aSampaio (Bruno) _edo idealismo republicano à crítica literária _fPaulo Samuel |
|
| 210 |
_aPorto _cFundação Eng. António de Almeida _d2015 |
||
| 215 |
_a235, [4] p. _d22 cm |
||
| 606 |
_93917 _aFilósofos _xBiografias |
||
| 675 | _a1(469) | ||
| 700 |
_aSamuel _bPaulo _f1957- _93841 |
||
| 801 | 0 |
_aPT _bBN _gRPC |
|
| 856 | 4 | 1 | _uhttp://rnod.bn.pt/ImagesBN/winlibimg.aspx?skey=&doc=1925041&img=74095&save=true |
| 990 | _cLIVROS | ||